Human resources management in the hospitality industry : (Record no. 14922)
[ view plain ]
| 000 -LEADER | |
|---|---|
| fixed length control field | 01030cam a2200277 a 4500 |
| 001 - CONTROL NUMBER | |
| control field | ocm67771578 |
| 003 - CONTROL NUMBER IDENTIFIER | |
| control field | PILC |
| 005 - DATE AND TIME OF LATEST TRANSACTION | |
| control field | 20150112093446.0 |
| 008 - FIXED-LENGTH DATA ELEMENTS--GENERAL INFORMATION | |
| fixed length control field | 050921s2005 ne b 001 0 eng |
| 010 ## - LIBRARY OF CONGRESS CONTROL NUMBER | |
| LC control number | 2005282479 |
| 020 ## - INTERNATIONAL STANDARD BOOK NUMBER | |
| International Standard Book Number | 0750666366 |
| 040 ## - CATALOGING SOURCE | |
| Original cataloging agency | DLC |
| Transcribing agency | DLC |
| Modifying agency | BAKER |
| -- | BTCTA |
| -- | YDXCP |
| -- | IG# |
| 042 ## - AUTHENTICATION CODE | |
| Authentication code | pcc |
| 049 ## - LOCAL HOLDINGS (OCLC) | |
| Holding library | CVUA |
| 050 00 - LIBRARY OF CONGRESS CALL NUMBER | |
| Classification number | TX 911.3.P4 |
| Item number | .B64 2005 |
| 100 1# - MAIN ENTRY--PERSONAL NAME | |
| Personal name | Boella, Michael |
| 245 10 - TITLE STATEMENT | |
| Title | Human resources management in the hospitality industry : |
| Remainder of title | an introductory guide / |
| Statement of responsibility, etc | Michael Boella and Steven Goss-Turner |
| 260 ## - PUBLICATION, DISTRIBUTION, ETC. (IMPRINT) | |
| Place of publication, distribution, etc | Amsterdam ; |
| -- | Boston : |
| Name of publisher, distributor, etc | Elsevier/Butterworth Heinemann, |
| Date of publication, distribution, etc | 2005. |
| 300 ## - PHYSICAL DESCRIPTION | |
| Extent | 363 pages : |
| Dimensions | 28 cm. |
| Other physical details | illustration ; |
| 500 ## - GENERAL NOTE | |
| General note | New ed. of Human resource management in the hospitality industry / Vincent H. Eade. 1993. |
| 650 #0 - SUBJECT ADDED ENTRY--TOPICAL TERM | |
| Topical term or geographic name as entry element | Hospitality industry |
| General subdivision | Personnel management. |
| 700 1# - ADDED ENTRY--PERSONAL NAME | |
| Personal name | Eade, Vincent H. |
| Title of a work | Human resource management in the hospitality industry. |
| 942 ## - ADDED ENTRY ELEMENTS (KOHA) | |
| Source of classification or shelving scheme | Library of Congress Classification |
| Koha item type | Books |
| 980 ## - EQUIVALENCE OR CROSS-REFERENCE-SERIES STATEMENT--PERSONAL NAME/TITLE [LOCAL, CANADA] | |
| Personal name | 090712 |
| Numeration | 43585 |
| Relator term | 4308 |
| Date of a work | 954203 |
| Miscellaneous information | 1 |
| 981 ## - EQUIVALENCE OR CROSS-REFERENCE-SERIES STATEMENT--CORPORATE NAME/TITLE [LOCAL, CANADA] | |
| Corporate name or jurisdiction name as entry element | ybp |
| Subordinate unit | GEREF |
| Date of meeting or treaty signing | 99948866864 |
| Withdrawn status | Lost status | Source of classification or shelving scheme | Damaged status | Home library | Current library | Shelving location | Date acquired | Total Checkouts | Full call number | Barcode | Date last seen | Copy number | Price effective from | Koha item type | Source of acquisition | Cost, normal purchase price |
|---|---|---|---|---|---|---|---|---|---|---|---|---|---|---|---|---|
| Library of Congress Classification | College Library | College Library | General Circulation Section | 07/30/2010 | TX 911.3.P4 .B64 2005 | C7544 | 05/15/2018 | 1 | 10/10/2013 | Books | 2513.00 | |||||
| Library of Congress Classification | Southville International School Affiliated with Foreign Universities Library | Southville International School Affiliated with Foreign Universities Library | Southville Foreign University Section | 10/08/2013 | TX 911.3.P4 .B64 2006 | SFU1665 | 05/15/2018 | 1 | 10/08/2013 | Books |